[Event "Arco op 32nd"]
[Site "Arco"]
[Date "2010.10.21"]
[Round "6"]
[White "Riepma, Henk"]
[Black "Wagner, Frank"]
[Result "1-0"]
[WhiteElo "2079"]
[BlackElo "1919"]
[PlyCount "111"]
[EventDate "2010.10.16"]
[EventType "swiss"]
[EventRounds "9"]
[EventCountry "ITA"]
[SourceTitle "EXT 2024"]
[Source "ChessBase"]
[SourceDate "2023.10.10"]
[SourceVersion "1"]
[SourceVersionDate "2023.10.10"]
[SourceQuality "1"]

1. f4 Nf6 2. Nf3 g6 3. e3 Bg7 4. d4 0-0 5. Bd3 d6 6. 0-0 b6 7. Qe2 Bb7 8. Nbd2 Nbd7 9. f5 e5 10. fxe6 fxe6 11. e4 Nh5 12. g3 Qe7 13. Nb3 Rad8 14. Bg5 Bf6 15. Be3 e5 16. d5 Bc8 17. Ba6 Nc5 18. Bxc8 Rxc8 19. Nxc5 bxc5 20. c3 Rb8 21. Rab1 Qd7 22. Nd2 Qh3 23. Qg2 Qd7 24. b3 Bg7 25. Rxf8+ Rxf8 26. Rf1 Nf6 27. Bg5 a5 28. Bxf6 Rxf6 29. Rxf6 Bxf6 30. Nc4 a4 31. Qc2 axb3 32. axb3 Qg4 33. Kg2 Bg5 34. Qd3 Qc8 35. Qe2 Kg7 36. h3 Qa6 37. Qb2 Be7 38. Qa3 Qc8 39. Qa7 Kf8 40. Na5 Ke8 41. Nc6 Kd7 42. b4 Bg5 43. Nb8+ Ke8 44. Na6 Bd8 45. bxc5 Qd7 46. cxd6 Qxd6 47. Nc5 g5 48. Ne6 Qd7 49. Qa8 Ke7 50. Kf3 h5 51. Qxd8+ Qxd8 52. Nxd8 Kxd8 53. Ke3 Kd7 54. Kd3 Kd6 55. Kc4 c6 56. dxc6 1-0

[Event "Arco op 32nd"]
[Site "Arco"]
[Date "2010.10.19"]
[Round "4"]
[White "Riepma, Henk"]
[Black "Molnar, Bela"]
[Result "1/2-1/2"]
[WhiteElo "2079"]
[BlackElo "2330"]
[PlyCount "40"]
[EventDate "2010.10.16"]
[EventType "swiss"]
[EventRounds "9"]
[EventCountry "ITA"]
[SourceTitle "CBM 138 Extra"]
[Source "ChessBase"]
[SourceDate "2010.10.29"]
[SourceVersion "1"]
[SourceVersionDate "2010.10.29"]
[SourceQuality "1"]

1. f4 d5 2. Nf3 Nf6 3. e3 Bg4 4. Be2 Nbd7 5. 0-0 c6 6. b3 e6 7. Bb2 Bd6 8. d4 0-0 9. Nbd2 a5 10. a3 Qe7 11. Ne5 Bxe2 12. Qxe2 Ne4 13. Nxe4 dxe4 14. Nxd7 Qxd7 15. c4 Qe7 16. a4 f5 17. Rad1 Rfb8 18. Bc3 Bb4 19. Bb2 Ba3 20. Bc3 Bb4 1/2-1/2

[Event "Ostrava op"]
[Site "Ostrava"]
[Date "2010.05.06"]
[Round "6"]
[White "Riepma, Henk"]
[Black "Snajdr, Tomas"]
[Result "0-1"]
[WhiteElo "2110"]
[BlackElo "1975"]
[PlyCount "132"]
[EventDate "2010.05.01"]
[EventType "swiss"]
[EventRounds "9"]
[EventCountry "CZE"]
[SourceTitle "EXT 2011"]
[Source "ChessBase"]
[SourceDate "2010.11.26"]
[SourceVersion "1"]
[SourceVersionDate "2010.11.26"]
[SourceQuality "1"]

1. f4 d5 2. Nf3 Nf6 3. e3 Bg4 4. Be2 e6 5. 0-0 Nbd7 6. b3 Bd6 7. Bb2 c6 8. Ne5 Bxe2 9. Qxe2 Qc7 10. Nxd7 Qxd7 11. d3 Qc7 12. Nd2 0-0-0 13. Nf3 Rhg8 14. Be5 h6 15. Bxd6 Qxd6 16. Ne5 Rgf8 17. Rac1 Nd7 18. d4 f5 19. Nd3 Kb8 20. c4 g5 21. b4 dxc4 22. Rxc4 Nb6 23. Rc5 Nd5 24. b5 cxb5 25. Rxb5 Rf7 26. Rb3 Rc8 27. g3 Nc3 28. Qc2 Ne4 29. Nc5 Nxc5 30. dxc5 Qxc5 31. Qd3 Rfc7 32. Qe2 Qd5 33. Qf3 Qxf3 34. Rxf3 Rc1+ 35. Rf1 Rxf1+ 36. Kxf1 Rc1+ 37. Kg2 Rc2+ 38. Kg1 Rxa2 39. fxg5 hxg5 40. h4 gxh4 41. gxh4 Ra4 42. e4 Rxe4 43. Rh3 Rg4+ 44. Kf2 Rg6 45. h5 Rh6 46. Kg3 Kc7 47. Kf4 b5 48. Kg5 Rh8 49. h6 a5 50. Kg6 Kd6 51. Kg7 Rb8 52. h7 b4 53. Kf6 Rh8 54. Kg7 Rxh7+ 55. Rxh7 a4 56. Kf6 a3 57. Ra7 f4 58. Ra4 Kc5 59. Ke5 f3 60. Ra8 Kc4 61. Ke4 f2 62. Rc8+ Kb3 63. Rc1 a2 64. Ke3 e5 65. Rf1 Ka3 66. Rc1 b3 0-1

[Event "Ostrava op"]
[Site "Ostrava"]
[Date "2010.05.05"]
[Round "5"]
[White "Lexa, Vaclav"]
[Black "Riepma, Henk"]
[Result "0-1"]
[WhiteElo "1905"]
[BlackElo "2110"]
[PlyCount "116"]
[EventDate "2010.05.01"]
[EventType "swiss"]
[EventRounds "9"]
[EventCountry "CZE"]
[SourceTitle "EXT 2011"]
[Source "ChessBase"]
[SourceDate "2010.11.26"]
[SourceVersion "1"]
[SourceVersionDate "2010.11.26"]
[SourceQuality "1"]

1. d4 d5 2. c4 c6 3. e3 Nf6 4. Nc3 Bf5 5. Qb3 Qb6 6. Nf3 e6 7. Be2 Qxb3 8. axb3 Nbd7 9. 0-0 Be7 10. Nd2 0-0 11. f3 Bc2 12. Bd1 Bg6 13. c5 e5 14. b4 a6 15. Re1 Rfe8 16. Nf1 exd4 17. exd4 Nf8 18. Be3 Ne6 19. Be2 h6 20. Rad1 Bd8 21. g3 Bc7 22. Kg2 Re7 23. Bd3 Bxd3 24. Rxd3 Rae8 25. Rd2 g5 26. Rde2 Nh5 27. Rd2 f5 28. Rdd1 Kf7 29. Bf2 Kg6 30. Nd2 g4 31. Kf1 Nf6 32. f4 h5 33. Nb3 h4 34. Nc1 Ne4 35. Nd3 Rh7 36. Kg2 Reh8 37. Nxe4 fxe4 38. Ne5+ Bxe5 39. fxe5 h3+ 40. Kf1 Rf7 41. Ke2 Ng5 42. Be3 Nf3 43. Rh1 Kf5 44. Bf4 Ra8 45. Be3 Ke6 46. Ra1 Rff8 47. Ra3 Rfb8 48. Kd1 b6 49. Kc2 bxc5 50. bxc5 Rb4 51. b3 a5 52. Kc3 Rab8 53. Kc2 a4 54. bxa4 Rc4+ 55. Rc3 Rxa4 56. Rb3 Ra2+ 57. Kc3 Rxb3+ 58. Kxb3 Re2 0-1

[Event "Arco op 31st"]
[Site "Arco"]
[Date "2009.10.24"]
[Round "9"]
[White "Riepma, Henk"]
[Black "Ebeling, Jens"]
[Result "1/2-1/2"]
[WhiteElo "2117"]
[BlackElo "2042"]
[PlyCount "72"]
[EventDate "2009.10.17"]
[EventType "swiss"]
[EventRounds "9"]
[EventCountry "ITA"]
[SourceTitle "EXT 2010"]
[Source "ChessBase"]
[SourceDate "2010.11.25"]
[SourceVersion "1"]
[SourceVersionDate "2010.11.25"]
[SourceQuality "1"]

1. f4 d5 2. Nf3 Nf6 3. e3 Bg4 4. Be2 Bxf3 5. Bxf3 Nbd7 6. 0-0 e5 7. d4 e4 8. Be2 Be7 9. b3 0-0 10. c4 c6 11. Nc3 Bb4 12. Qc2 Rc8 13. a3 Bxc3 14. Qxc3 Ne8 15. Bd2 f5 16. Rac1 Nef6 17. Qb4 b6 18. Qa4 dxc4 19. Bxc4+ Kh8 20. Be6 c5 21. Bxf5 Rc7 22. Bxd7 Rxd7 23. Bc3 Nd5 24. dxc5 Nxe3 25. Rfe1 Nd5 26. Qxe4 Nxc3 27. Rxc3 bxc5 28. Rh3 h6 29. Qe5 Qb6 30. Kh1 Rdf7 31. Rf3 Rf5 32. Qe4 Qa5 33. g4 Rxf4 34. Rxf4 Rxf4 35. Qe8+ Kh7 36. Qe2 Qc3 1/2-1/2

[Event "Arco op 31st"]
[Site "Arco"]
[Date "2009.10.23"]
[Round "7"]
[White "Riepma, Henk"]
[Black "Schaberg, Wolfgang"]
[Result "0-1"]
[WhiteElo "2117"]
[BlackElo "1943"]
[PlyCount "63"]
[EventDate "2009.10.17"]
[EventType "swiss"]
[EventRounds "9"]
[EventCountry "ITA"]
[SourceTitle "EXT 2010"]
[Source "ChessBase"]
[SourceDate "2010.11.25"]
[SourceVersion "1"]
[SourceVersionDate "2010.11.25"]
[SourceQuality "1"]

1. f4 d5 2. Nf3 Bg4 3. e3 Nd7 4. Be2 Bxf3 5. Bxf3 c6 6. 0-0 Ngf6 7. d4 e6 8. Nd2 Bd6 9. g3 c5 10. Qe2 0-0 11. c3 Rb8 12. Kg2 Qc7 13. dxc5 Nxc5 14. e4 dxe4 15. Nxe4 Ncxe4 16. Bxe4 Nxe4 17. Qxe4 b5 18. Be3 Bc5 19. Bxc5 Qxc5 20. Rfd1 Rfd8 21. Kf3 Qh5+ 22. g4 Qh3+ 23. Kf2 Qxh2+ 24. Kf1 Qxb2 25. Qe5 h6 26. g5 Qh2 27. gxh6 Qxh6 28. Rac1 Qh1+ 29. Ke2 Qg2+ 30. Ke3 Qg3+ 31. Ke2 Qg4+ 32. Ke3 0-1

[Event "Arco op 31st"]
[Site "Arco"]
[Date "2009.10.17"]
[Round "1"]
[White "Riepma, Henk"]
[Black "Saponara, Nicola"]
[Result "1-0"]
[WhiteElo "2117"]
[BlackElo "1845"]
[PlyCount "71"]
[EventDate "2009.10.17"]
[EventType "swiss"]
[EventRounds "9"]
[EventCountry "ITA"]
[SourceTitle "EXT 2010"]
[Source "ChessBase"]
[SourceDate "2010.11.25"]
[SourceVersion "1"]
[SourceVersionDate "2010.11.25"]
[SourceQuality "1"]

1. f4 Nf6 2. Nf3 g6 3. e3 Bg7 4. d4 d6 5. Bd3 Bg4 6. 0-0 Nbd7 7. h3 Bxf3 8. Qxf3 c6 9. Nd2 Qc7 10. c3 0-0-0 11. Rb1 e5 12. b4 exd4 13. cxd4 Rde8 14. Nb3 Re7 15. Bd2 Rhe8 16. Rfc1 Nd5 17. e4 N5b6 18. d5 c5 19. bxc5 Nxc5 20. Nxc5 Bd4+ 21. Be3 Bxc5 22. Bxc5 dxc5 23. e5 c4 24. d6 Qc5+ 25. Kh1 Rd7 26. a4 Kb8 27. a5 Qxa5 28. Bxc4 Nxc4 29. Rxc4 Rc8 30. Qe4 Qa6 31. Rxc8+ Kxc8 32. Rc1+ Kb8 33. f5 b6 34. e6 fxe6 35. fxe6 Rxd6 36. e7 1-0